000 00405 a2200097 4500
245 0 0 _aLampy elektronowe małej mocy - Kineskopy kolorowe Metoda pomiaru rezystancji zewnętrznego pokrycia przewodzącego PN-79/T-04830/01 /
_cMin. Przem. Maszynowego.
246 1 3 _aPN-79/T-04830/01
246 1 3 _a621.385.832:621.397.331.24
260 _aWarszawa :
_bMin. Przem. Maszynowego,
_c1979.
300 _a1 stron ;
_c30 cm.
650 _aPolska norma
999 _c21007
_d21007